Statistics for WCA Events

Click here to take the quiz!

General Stats

  • This quiz has been taken 74 times
  • The average score is 17 of 18

Answer Stats

Answer% Correct
2x2x2
98%
3x3x3
98%
4x4x4
98%
5x5x5
98%
6x6x6
98%
7x7x7
98%
Rubik's Clock
98%
Pyraminx
96%
Square-1
96%
Megaminx
94%
Skewb
94%
3x3x3 One Handed (OH)
91%
3x3x3 With Feet
91%
3x3x3 Blindfolded
87%
4x4x4 Blindfolded
87%
5x5x5 Blindfolded
87%
3x3x3 Fewest Moves (FMC)
81%
3x3x3 Multi-Blind
81%

Score Distribution

Percentile by Number Answered

Percent of People with Each Score

Your Score History

You have not taken this quiz